000 00572nam a2200193 4500
001 107460
003 ES-MaACL
005 20230906184427.0
007 t|
008 061121s1972 sp r ||||1| spa d
100 1 _aMorris, Desmond.
_983672
245 1 0 _aComportamiento íntimo /
_cDesmond Morris ; traducción de José Mª Paricio.
250 _a1ª. ed.
260 _aBarcelona :
_bPlaza & Janés,
_c1972.
300 _a261 p. ;
_c22 cm.
700 1 _aParicio, José Mª.
_989123
852 _aES-MaACL
_jC-44175
_bR.81585
852 _aES-MaACL
_jC-42211
_bR.81006
999 _c107460
_d107460